Necesidades de información para el desarrollo económico y social del sector agropecuario

Збережено в:
Бібліографічні деталі
Автор: Alvarado Silesky, José M
Формат: Текст
Опубліковано: San José: SEPSA
Теги: Додати тег
Немає тегів, Будьте першим, хто поставить тег для цього запису!

MARC

LEADER 00000 a a2200000 04500
001 14505
003
040
090 |a 022500  
100 |a Alvarado Silesky, José M  
245 |a Necesidades de información para el desarrollo económico y social del sector agropecuario  
260 |a San José:   |b SEPSA  
300 |a 2 p.  
999 |c 12334  |d 12334